| 000 | 00447nam a2200133Ia 4500 | ||
|---|---|---|---|
| 005 | 20260328104304.0 | ||
| 008 | 260328s9999||||xx |||||||||||||| ||und|| | ||
| 100 | _aChávez Giraldo, Juan David | ||
| 245 | 0 |
_aLa Investigación en los campos de la Arquitectura; reflexiones metodológicas y procedimientos / _cJuan David Chávez Giraldo |
|
| 260 | _bUniversidad Nacional de Colombia | ||
| 300 | _a215 p. | ||
| 650 | _aINVESTIGACIÓN | ||
| 942 | _cBK | ||
| 999 |
_c10685 _d10685 |
||